000 00567nam a2200217Ia 4500
003 OSt
005 20230503114802.0
008 210423s2006 xx 000 0 und d
020 _a130464279
040 _cAL
041 _aeng
082 _a574.19283
_223
_bHOLK
100 _aHOLDE (Kensal E);others.
_996952
245 _aPrinciples of physical biochemistry.
250 _a2
260 _aNew Jersy
_bPearson Education Pvt Ltd
_c2006
300 _axiii,710,I-10
_bPB
365 _cINR
906 _abiochemistry. ; physical ; Principles
942 _2ddc
_cBK
999 _c163513
_d163513